000
00231nam a2200097Ia 4500
008
220805s9999 xx 000 0 und d
041
_a
mar
082
_a
155.4
245
_a
बालविकास
650
_a
Child Pshchology
_9
87203
999
_c
47895
_d
47895